[Event "2nd Festival"]
[Site "Lodi ITA"]
[Date "2006.06.05"]
[Round "1"]
[White "Savarese,V"]
[Black "Salvador,R"]
[Result "0-1"]
[WhiteElo "1838"]
[BlackElo "2396"]

1.e4 c5 2.c3 Nf6 3.e5 Nd5 4.d4 cxd4 5.Nf3 e6 6.cxd4 d6 7.Nc3 Nc6 8.Bb5 Nxc3
9.bxc3 Bd7 10.O-O Nxe5 11.Nxe5 dxe5 12.Qe2 exd4 13.cxd4 Bxb5 14.Qxb5+ Qd7
15.Qe5 f6 16.Qh5+ g6 17.Qf3 Rd8 18.Bf4 Qd5 19.Qe2 Bd6 20.Bxd6 Rxd6 21.Rac1 Rc6
22.Rc5 Rxc5 23.dxc5 Ke7 24.Rd1 Qxc5 25.Qe4 Qc6 26.Qb4+ Kf7 27.h3 Rc8 28.Qd4 a6
29.a4 Rc7 30.Qd8 Kg7 31.Rd6 Qc4 32.Rd1 Qc5 33.Rd7+ Rxd7 34.Qxd7+ Kh6 35.Qxb7 Qc1+
36.Kh2 Qf4+ 37.Kg1 Qxa4 38.g3 Qd1+ 39.Kg2 Qd5+  0-1

[Event "2nd Festival"]
[Site "Lodi ITA"]
[Date "2006.06.07"]
[Round "4"]
[White "Schmitz,A"]
[Black "Vezzosi,P"]
[Result "1/2-1/2"]
[WhiteElo "2124"]
[BlackElo "2362"]

1.e4 c5 2.c3 Nf6 3.e5 Nd5 4.d4 cxd4 5.cxd4 d6 6.Nf3 Nc6 7.Bc4 e6 8.O-O Be7
9.Bd2 O-O 10.Nc3 dxe5 11.dxe5 Nxc3 12.Bxc3 b6 13.Qa4 Bb7 14.Ba6 Qc8 15.Bxb7 Qxb7
16.Qe4 Rac8 17.Nd4 g6 18.a4 a6 19.Nc2 Na5 20.Qxb7 Nxb7 21.Rfd1 Rfd8 22.Rxd8+ Rxd8
23.Kf1 Kf8 24.Ke2 Nc5 25.f3 Ke8 26.Nd4 Rc8 27.Bd2 Bf8 28.b4 Nd7 29.f4 Nb8
30.b5 Bc5 31.Nf3 Nd7 32.Ng5 Ra8 33.bxa6 h6 34.Ne4 Rxa6 35.Be3 Bxe3 36.Kxe3 Ke7
37.g4 Ra5 38.Nd6 Nxe5 39.Nc8+ Kd8 40.Nxb6 Nxg4+ 41.Kf3 h5 42.h3 Nf6 43.Nc4 Ra6
44.Ne5 Ke7 45.Rb1 Rxa4 46.Rb7+ Kd6 47.Rxf7 Ra3+ 48.Kg2  1/2-1/2

[Event "VIII Open"]
[Site "Salou ESP"]
[Date "2006.06.07"]
[Round "1"]
[White "Hutchinson,N"]
[Black "Korneev,O"]
[Result "0-1"]
[WhiteElo "2107"]
[BlackElo "2671"]

1.e4 c5 2.c3 Nf6 3.e5 Nd5 4.Nf3 e6 5.d4 cxd4 6.cxd4 d6 7.Bc4 Nb6 8.Bd3 dxe5
9.dxe5 Na6 10.Qe2 Nb4 11.Be4 Bd7 12.Bxb7 Qc7 13.Bxa8 Qxc1+ 14.Qd1 Nc2+ 15.Ke2 Bb5+  0-1

[Event "28th Nezhmetdinov mem"]
[Site "Kazan RUS"]
[Date "2006.06.08"]
[Round "8"]
[White "Vorobiov,E"]
[Black "Khismatullin,D"]
[Result "1/2-1/2"]
[WhiteElo "2540"]
[BlackElo "2584"]

1.e4 c5 2.c3 Nf6 3.e5 Nd5 4.d4 cxd4 5.Nf3 Nc6 6.cxd4 d6 7.Bc4 Nb6 8.Bb5 Bd7
9.exd6 e6 10.Bg5 Qb8 11.Nc3 Bxd6 12.O-O O-O 13.Re1 h6 14.Bh4 a6 15.Bd3 Ne7
16.Ne5 Bc6 17.Bf6 Ng6 18.Qg4 Bxe5 19.dxe5 Qe8 20.Bxg6 fxg6 21.Qb4 Nc8 22.Bh4 a5
23.Qc4 b5 24.Qc5 g5 25.Bg3 h5 26.f3 Ne7 27.Ne4 Bxe4 28.fxe4 Ng6 29.Rad1 Rc8
30.Qd4 Rc4 31.Qd2 h4 32.Bf2 Qf7 33.b3 Rcc8 34.Be3 Nxe5 35.Bd4 Rcd8 36.Rf1 Qe7
37.Rxf8+ Qxf8 38.Qxg5 Nf7 39.Qg4 e5 40.Be3 Rxd1+ 41.Qxd1 Qb4 42.Bf2 Qxe4
43.Qe1 Qc2 44.Qxa5 Qb1+ 45.Be1 h3 46.a4 bxa4 47.bxa4 Ng5 48.Qxe5 Ne4 49.Qe8+ Kh7
50.Qh5+  1/2-1/2

[Event "2nd Festival"]
[Site "Lodi ITA"]
[Date "2006.06.09"]
[Round "7"]
[White "Vajda,L"]
[Black "Steingrimsson,H"]
[Result "1/2-1/2"]
[WhiteElo "2511"]
[BlackElo "2447"]

1.e4 c5 2.c3 Nf6 3.e5 Nd5 4.d4 cxd4 5.Nf3 Nc6 6.cxd4 d6 7.Bc4 Nb6 8.Bb5 dxe5
9.Nxe5 Bd7 10.Nxd7 Qxd7 11.Nc3 Rd8 12.O-O a6 13.Bxc6 Qxc6 14.Re1 Nd5 15.Bd2 Nxc3
16.Bxc3 e6 17.Re5 f6 18.Rh5 g6 19.d5 exd5 20.Rh4 Rd7 21.Rc1 Bg7 22.Rh3 Qd6
23.Qb3 O-O 24.Rd1 Rfd8 25.Rhd3 Qe6 26.h4 h5 27.Ba5 Re8 28.Rxd5 Rxd5 29.Rxd5 f5
30.Qxb7 Bxb2 31.Bd2 Be5 32.Qb3 Kh7 33.Qd3 Re7 34.g3 Bg7 35.Be3 Qe4 36.Qb3 Rc7
37.Rd6 Rb7 38.Rb6 Rxb6 39.Qxb6 Qc4 40.a3 Qb5 41.Qa7 Kg8 42.Qe7 a5 43.Qe6+ Kh7
44.Kh2 a4 45.Qe7 Kg8 46.Qe6+ Kh7 47.Qe7 Kg8 48.Qd6 Qe8 49.Qd5+ Kh7 50.Qb7 Kg8
51.Qd5+ Kh7 52.Qb7 Kg8 53.Qa6 Be5 54.Bg5 Kf7 55.Bh6 Kg8 56.Qb7 Bf6 57.Qa6 Kh7
58.Be3 Kg7 59.Qa7+ Kg8 60.Qb6 Kg7 61.Qa7+ Kg8 62.Qb6 Bg7 63.Qa7  1/2-1/2

[Event "2nd Open"]
[Site "San Marino SMR"]
[Date "2006.06.10"]
[Round "8"]
[White "Kaplan,S"]
[Black "Flores,Di"]
[Result "1-0"]
[WhiteElo "2341"]
[BlackElo "2494"]

1.e4 c5 2.c3 Nf6 3.e5 Nd5 4.d4 cxd4 5.Nf3 e6 6.cxd4 d6 7.Bd3 dxe5 8.Nxe5 Nc6
9.Nxc6 bxc6 10.O-O Be7 11.Nc3 O-O 12.Re1 a5 13.Qc2 g6 14.a3 Qb6 15.Bh6 Rd8
16.Red1 Ba6 17.Be4 Bc4 18.Rd2 Rab8 19.Rc1 Bb3 20.Qd3 a4 21.Qg3 Rbc8 22.h4 Qb8
23.Qh3 Rd7 24.h5 Nf4 25.Qf3 Nxh5 26.Bxc6 Rdd8 27.Re1 Nf6 28.d5 Qc7 29.Bf4 Qb6
30.Be3 Qc7 31.Nb5 Qe5 32.d6 Bf8 33.d7 Rb8 34.Qf4 Nxd7 35.Rxd7 Qxf4 36.Bxf4 Rxd7
37.Bxd7 Rd8 38.Bc6 Bg7 39.Nc3 Rc8 40.Bf3 h6 41.Be5 f6 42.Bg3 Bf8 43.Rc1 e5
44.Bd1 Rd8 45.Bxb3+ axb3 46.Rd1 Rc8 47.Ne4 Kf7 48.f4 Rc4 49.Nd6+ Bxd6 50.Rxd6 exf4
51.Be1 Rc1 52.Kf2 Rc2+ 53.Rd2 Rc4 54.Kf3 Rc1 55.Bf2 g5 56.Rd3 h5 57.Rxb3 Rc4
58.Rc3 g4+ 59.Ke2 Re4+ 60.Kd3 Re6 61.Rc4 g3 62.Bc5 f3 63.gxf3 g2 64.Rc1 Rc6
65.b4 h4 66.Ke3 Re6+ 67.Kf2 h3 68.Kg3 Re3 69.Kxh3 Rxf3+ 70.Kxg2 Rb3 71.Re1 Kg6
72.Re3 Rb2+ 73.Kf3 Kf5 74.Rd3 Rb1 75.Ke3 Ke5 76.Bd4+ Kd5 77.Bc5+ Ke5 78.Rd8 Rb3+
79.Kd2 f5 80.Kc2 Rh3 81.b5 f4 82.b6  1-0

[Event "2nd Goran"]
[Site "Bibinje CRO"]
[Date "2006.06.11"]
[Round "4"]
[White "Mestrovic,Z"]
[Black "Sax,G"]
[Result "1/2-1/2"]
[WhiteElo "2315"]
[BlackElo "2535"]

1.e4 c5 2.c3 Nf6 3.e5 Nd5 4.c4 Nc7 5.Nf3 Nc6 6.Nc3 g6 7.Ne4 Ne6 8.b4 Nxb4
9.Bb2 Bg7 10.Qb3 Nc6 11.Rb1 Qc7 12.Qe3 Ncd4 13.Bd3 Nxf3+ 14.gxf3 Bxe5 15.Nc3 Bd4
16.Nb5 Qf4 17.Nxd4 cxd4 18.Qxf4 Nxf4 19.Be4 e5 20.Ba3 Kd8 21.Bd6 Re8 22.O-O Re6
23.c5 Rxd6 24.cxd6 Rb8 25.Rb5 f6 26.Rfb1 b6 27.a4 Nh3+ 28.Kg2 Nf4+ 29.Kg3 Nh5+
30.Kg2 Nf4+ 31.Kg3  1/2-1/2

[Event "FSGM June"]
[Site "Budapest HUN"]
[Date "2006.06.11"]
[Round "8"]
[White "Turzo,A"]
[Black "Paschall,W"]
[Result "0-1"]
[WhiteElo "2352"]
[BlackElo "2352"]

1.e4 c5 2.c3 Nf6 3.e5 Nd5 4.d4 cxd4 5.Qxd4 e6 6.Nf3 Nc6 7.Qe4 f5 8.Qe2 b6
9.g3 a5 10.Bg2 Ba6 11.c4 a4 12.O-O Na5 13.Nh4 g6 14.Bxd5 exd5 15.e6 Qf6 16.exd7+ Kxd7
17.Rd1 Bxc4 18.Qc2 Bc5 19.Nc3 Nc6 20.Nxd5 Bxd5 21.Rxd5+ Kc8 22.Nf3 Qe6 23.Qc4 Re8
24.Bf4 Qe4 25.Rxc5 bxc5 26.Qxc5 Qxf3 27.Qb6 Ra7 28.Rc1 Kd7 29.Qc5 Re6 30.Qf8 Ra5
31.Qf7+ Re7 32.Qf6 Qd5 33.Qc3 Rc5  0-1

[Event "Masters"]
[Site "Las Vegas USA"]
[Date "2006.06.11"]
[Round "4"]
[White "Savage,B"]
[Black "Boor,C"]
[Result "1/2-1/2"]
[WhiteElo "2310"]
[BlackElo "2233"]

1.e4 c5 2.c3 Nf6 3.e5 Nd5 4.d4 cxd4 5.Nf3 e6 6.cxd4 d6 7.Bc4 Nb6 8.Bb3 dxe5
9.Nxe5 Nc6 10.Nxc6 bxc6 11.O-O Bd6 12.Nd2 O-O 13.Ne4 Bxh2+ 14.Kxh2 Qh4+ 15.Kg1 Qxe4
16.Re1 Qh4 17.Re5 Qe7 18.Qf3 Nd5 19.Bxd5 cxd5 20.Qxd5 Bb7 21.Qb3 Rab8 22.Qh3 f5
23.Bf4 g5 24.Qg3 h6 25.Rae1 Qg7 26.Bc1 Bd5  1/2-1/2

[Event "Masters"]
[Site "Las Vegas USA"]
[Date "2006.06.11"]
[Round "4"]
[White "Sevillano,E"]
[Black "Antic,De"]
[Result "1/2-1/2"]
[WhiteElo "2472"]
[BlackElo "2491"]

1.e4 c5 2.c3 Nf6 3.e5 Nd5 4.Nf3 e6 5.Bc4 d6 6.d4 cxd4 7.cxd4 Nb6 8.Bb5+ Bd7
9.Bd3 Bc6 10.O-O N8d7 11.Nc3 Be7 12.Qe2 dxe5 13.dxe5 Bxf3 14.Qxf3 Nxe5 15.Bb5+ Nc6
16.Bxc6+ bxc6 17.Qxc6+ Qd7 18.Qf3 Rc8 19.Be3 O-O 20.Rfd1 Qe8 21.Qb7 Bf6 22.Bd4 Bxd4
23.Rxd4 Ra8 24.Rad1 Qc8 25.Qe7 Re8 26.Qh4 e5 27.R4d3 Qc4 28.Qh5 h6 29.h3 Qb4
30.Qe2 f5 31.Nd5 Nxd5 32.Rxd5 Qe7 33.Re1 Rac8 34.Rxe5 Qxe5 35.Qxe5 Rxe5 36.Rxe5 Rc1+
37.Kh2 Rc2 38.Rxf5 Rxb2 39.a4 Ra2 40.a5 Ra3 41.h4 Kh7 42.Rc5 Kg8 43.f4 a6
44.g3 Kf7 45.Kh3 Kg8 46.Kg4 Kh7 47.f5 Kg8 48.Kf4 h5 49.Rc8+ Kh7 50.Rc5 Kg8
51.Rc8+ Kh7 52.Rc7 Rxa5 53.f6 Kg6 54.fxg7 Kh7 55.Ra7 Kg8 56.g4 Rb5 57.gxh5 Rxh5
58.Kg4 Rh7 59.Ra8+ Kxg7 60.Kg5 Kf7 61.h5 Rg7+ 62.Kh6 Rg1 63.Rxa6 Rh1 64.Rg6 Rh2
65.Rg7+ Kf8 66.Rg5 Rh1 67.Kh7 Rf1 68.h6 Rf2 69.Rg8+ Kf7 70.Rg4 Rf6 71.Ra4 Rf1
72.Kh8 Kf8 73.Ra7 Rf2 74.h7 Rf1 75.Ra8+  1/2-1/2

[Event "2nd Festival"]
[Site "Lodi ITA"]
[Date "2006.06.11"]
[Round "9"]
[White "Vajda,L"]
[Black "Lupulescu,C"]
[Result "1/2-1/2"]
[WhiteElo "2511"]
[BlackElo "2534"]

1.e4 c5 2.c3 Nf6 3.e5 Nd5 4.d4 cxd4 5.Nf3 e6 6.cxd4 d6 7.Bc4 Nc6 8.O-O Be7
9.Qe2 O-O 10.Nc3 Nxc3 11.bxc3 dxe5 12.dxe5 Qa5 13.Bd2 Rd8 14.Bb3 Bd7 15.h4 Be8
16.Rfe1 Rd7 17.Rac1 Rad8 18.Bg5 h6 19.Bd2 a6  1/2-1/2

[Event "2nd Open"]
[Site "San Marino SMR"]
[Date "2006.06.11"]
[Round "9"]
[White "Godena,M"]
[Black "So,W"]
[Result "1/2-1/2"]
[WhiteElo "2537"]
[BlackElo "2254"]

1.e4 c5 2.c3 Nf6 3.e5 Nd5 4.Nf3 Nc6 5.d4 cxd4 6.cxd4 d6 7.Bc4 Nb6 8.Bb5 dxe5
9.Nxe5 Bd7 10.Nxd7 Qxd7 11.Nc3 e6 12.O-O Be7 13.Qg4 O-O 14.Bxc6 bxc6 15.Bh6 Bf6
16.Rfd1 Kh8 17.Ne4 Qe7 18.Bg5 Bxg5 19.Qxg5 Qxg5 20.Nxg5 Nd5 21.Rac1 Ne7 22.Rc4 Kg8
23.Nf3 Rab8 24.b3 f6 25.Ra4 Rb7 26.Rc1 Rd8 27.Kf1 Rd5 28.Ra6 Kf7 29.Rc4 Rdd7
30.Ne1 Rb6 31.Ra5 Rb5 32.Ra6 Rb6 33.Rca4 Nc8 34.Nc2 Ke7 35.Ne3 Rdb7 36.Nc4 Rxa6
37.Rxa6 Kd7 38.Ke2 Ne7 39.Na5 Rc7 40.b4 Nd5 41.a3 Nb6 42.Nb3 Ke7 43.Kd3 Kd6
44.Nc5 Ke7 45.h4 Nc8 46.g3 Nd6 47.Ra5 Nf5 48.Ra6 Nd6 49.a4 h5 50.Ne4 Nf5
51.Nc5 Nd6 52.Ra5 Nf5 53.Kc3 g6 54.Kd3 Nd6 55.Ne4 Nf5 56.Kc3 Rd7 57.Nc5 Rc7
58.Ra6 Nd6 59.Kd3 g5 60.hxg5 fxg5 61.Ne4 Nxe4 62.Kxe4 h4 63.Ra5 hxg3 64.fxg3 Kf6
65.Rc5 Rb7 66.Rc4 Rb6 67.g4 Rb7 68.Rxc6 Rxb4 69.Ra6 Rb7 70.d5 Rb4+ 71.Kf3 Rf4+
72.Kg3 Re4 73.Kf3 Rf4+ 74.Ke3 Ke5 75.dxe6 Kf6 76.a5 Rxg4 77.Rxa7 Kxe6 78.a6 Ra4
79.Rh7 Kd5 80.a7 Ra3+ 81.Kf2 Kc5 82.Rf7 Kb6  1/2-1/2

[Event "Masters"]
[Site "Las Vegas USA"]
[Date "2006.06.12"]
[Round "6"]
[White "Belorusov,M"]
[Black "Kriventsov,S"]
[Result "1-0"]
[WhiteElo "2309"]
[BlackElo "2449"]

1.e4 c5 2.c3 Nf6 3.e5 Nd5 4.d4 cxd4 5.Qxd4 e6 6.Nf3 Nc6 7.Qe4 f5 8.Qe2 Qc7
9.g3 d6 10.exd6 Bxd6 11.Bg2 O-O 12.O-O Nf6 13.Nbd2 e5 14.Nc4 e4 15.Ng5 Ne5
16.Nxd6 Qxd6 17.Bf4 Nd5 18.Bxe4 Nxf4 19.gxf4 Ng6 20.Qc4+ Kh8 21.Bg2 Rb8 22.Rad1 Qf6
23.Rfe1 h6 24.Qc7 hxg5 25.Qxb8 gxf4 26.Kh1 Qh4 27.Rd3 Qxf2 28.Rf1 Qc5 29.b4 Qc4
30.Qd6 Be6 31.Bxb7 Qxa2 32.Rg1 Rf6 33.Qd8+ Nf8 34.Bd5 Qe2 35.Rh3+ Kg8 36.Bf3 Qe5
37.Qe7 Rg6 38.Qxa7 Qxc3 39.Rxg6 Nxg6 40.Qc5 Qd3 41.Qc1 Ne5 42.Bg2 f3 43.Bf1 Bd5
44.Qc8+ Kf7 45.Qc7+ Ke6 46.Qb6+ Nc6 47.Kg1 Qd4+ 48.Qxd4 Nxd4 49.Kf2 Ke5 50.Rh7 g5
51.b5 Ne6 52.b6 Nc5 53.Rc7 Kd4 54.Ke1 g4 55.Rg7 Kc3 56.Kf2 Kd4 57.Kg3 Ke5
58.Ra7 Ne4+ 59.Kh4 Nd2 60.Ra5  1-0

[Event "2nd Goran"]
[Site "Bibinje CRO"]
[Date "2006.06.13"]
[Round "6"]
[White "Mestrovic,Z"]
[Black "Groszpeter,A"]
[Result "1/2-1/2"]
[WhiteElo "2315"]
[BlackElo "2518"]

1.e4 c5 2.c3 Nf6 3.e5 Nd5 4.d4 cxd4 5.cxd4 d6 6.Nf3 Nc6 7.Bc4 e6 8.O-O Be7
9.exd6 Qxd6 10.Nc3 O-O 11.Re1 a6 12.Bb3 Rd8 13.Nxd5 exd5 14.Ne5 Nxe5 15.Bf4  1/2-1/2

[Event "VIII Open"]
[Site "Salou ESP"]
[Date "2006.06.13"]
[Round "7"]
[White "Hutchinson,N"]
[Black "Goettin,G"]
[Result "1/2-1/2"]
[WhiteElo "2107"]
[BlackElo "2012"]

1.e4 c5 2.c3 Nf6 3.e5 Nd5 4.Nf3 Nc6 5.d4 cxd4 6.cxd4 d6 7.Bc4 Nb6 8.Bb5 dxe5
9.Nxe5 Bd7 10.Nxd7 Qxd7 11.Nc3 e6 12.O-O Be7 13.Qg4 O-O 14.Rd1 Rfd8 15.Bh6 Bf6
16.Ne4 Qe7 17.Bxc6 bxc6 18.Rac1 Rac8 19.Nxf6+ Qxf6 20.Bg5 Qg6 21.Qf4 Rd5
22.Be7 h6 23.Bc5 Qh5 24.Re1 Na4 25.Bxa7 Nxb2 26.Qd2 Rd7 27.Bb6 Qb5 28.Bc5 Na4
29.Qc2 Nxc5 30.dxc5 Rd5 31.Re3 Rcd8 32.g3 Rd2  1/2-1/2

[Event "10th Heraclion Open"]
[Site "Athens GRE"]
[Date "2006.06.15"]
[Round "6"]
[White "Kulicov,O"]
[Black "Kalesis,N"]
[Result "1/2-1/2"]
[WhiteElo "2407"]
[BlackElo "2435"]

1.e4 c5 2.c3 Nf6 3.e5 Nd5 4.Nf3 d6 5.d4 cxd4 6.exd6 Qxd6 7.Nxd4 a6 8.Be2 e5
9.Nc2 Nc6 10.O-O Be6 11.c4 Nf6 12.Qxd6 Bxd6 13.Nc3 O-O-O 14.Rd1  1/2-1/2

[Event "10th Heraclion Open"]
[Site "Athens GRE"]
[Date "2006.06.15"]
[Round "6"]
[White "Petousis,K"]
[Black "Kourousis,E"]
[Result "0-1"]
[WhiteElo "1846"]
[BlackElo "2060"]

1.e4 c5 2.c3 Nf6 3.e5 Nd5 4.d4 cxd4 5.cxd4 d6 6.Nf3 Nc6 7.Bc4 Nb6 8.Bb5 dxe5
9.Nxe5 Bd7 10.Bxc6 Bxc6 11.Nxc6 bxc6 12.Be3 g6 13.Nd2 Bg7 14.Nf3 O-O 15.O-O Nd5
16.Rc1 Qb6 17.Qd2 Rab8 18.b3 Rfd8 19.Rc5 Nxe3 20.fxe3 Qxc5 21.dxc5 Rxd2 22.Nxd2 Rb5
23.Rc1 Bb2 24.Rc2 Ba3 25.Nc4 Bxc5 26.Kf2 Bb6 27.Kf3 Kf8 28.Ke4 Ke8 29.g4 Bc7
30.Rd2 e6 31.h3 Ke7 32.Rd3 Rd5 33.Rd4 Bb6 34.Rd3 f5+  0-1

[Event "Open A"]
[Site "Voronezh RUS"]
[Date "2006.06.16"]
[Round "5"]
[White "Manelis,V"]
[Black "Gabrielian,A"]
[Result "0-1"]
[WhiteElo "2327"]
[BlackElo "2520"]

1.e4 c5 2.c3 Nf6 3.e5 Nd5 4.d4 cxd4 5.cxd4 e6 6.Nf3 d6 7.Bc4 Nc6 8.O-O Be7
9.Qe2 O-O 10.Nc3 Nxc3 11.bxc3 dxe5 12.dxe5 Bd7 13.Qe4 Qa5 14.Rb1 Qa4 15.Bg5 b6
16.Rfd1 Rad8 17.Rd2 Bc8 18.Rxd8 Rxd8 19.h3 Ba6 20.Bxe7 Nxe7 21.Rb4 Qd1+ 22.Kh2 Bxc4
23.Rxc4 h6 24.Rc7 Nd5 25.Rxa7 Nxc3 26.Qb7 Rf8 27.Qxb6 Nd5 28.Qd4 Qb1 29.a4 Rc8
30.a5 Rc1 31.Ra8+ Kh7 32.Qg4 Rh1+ 33.Kg3 Qd3 34.Rf8 Ne7 35.Rxf7 Nf5+ 36.Rxf5 exf5
37.Qa4 Qa6 38.Nh4 Re1 39.Qf4 Qe6 40.Nf3 Re4 41.Qc1 Ra4 42.Qc7 Ra2 43.Qc5 Qa6
44.Qb6 Rxa5 45.Qxa6 Rxa6 46.Kf4 g6 47.Nd4 Ra4 48.Ke3 Ra3+ 49.Ke2 f4 50.h4 g5
51.h5 Ra5 52.e6 Kg7  0-1

[Event "Open A"]
[Site "Voronezh RUS"]
[Date "2006.06.16"]
[Round "5"]
[White "Andreikin,D"]
[Black "Yakovich,Yur"]
[Result "0-1"]
[WhiteElo "2481"]
[BlackElo "2570"]

1.e4 c5 2.c3 Nf6 3.e5 Nd5 4.d4 cxd4 5.Qxd4 e6 6.Nf3 Nc6 7.Qe4 f5 8.Qe2 Qc7
9.g3 b5 10.Bg2 a5 11.O-O Ba6 12.Rd1 Bc5 13.Nh4 Nde7 14.Be3 Bxe3 15.Qxe3 Rd8
16.f4 g5 17.Nf3 gxf4 18.Qxf4 Ng6 19.Qh6 Ncxe5 20.Nxe5 Nxe5 21.Rd4 Nf7 22.Qf6 Rg8
23.Qh4 Bb7 24.Bxb7 Qxb7 25.Nd2 Ng5 26.Rf1 Rg6 27.Rdf4 Kf7 28.Ne4 Qb6+ 29.Kg2 Nxe4
30.Rxe4 Kg8 31.Re5 Qc6+ 32.Kg1 Qb6+ 33.Kg2 Rc8 34.Rd1 Qc6+ 35.Kg1 Qb6+ 36.Kg2 Rg7
37.Qd4 Rc6 38.Qxb6 Rxb6 39.Rc5 d6 40.Rc8+ Kf7 41.Ra8 a4 42.Rd4 Rg4 43.Ra7+ Kg6
44.Rxg4+ fxg4 45.Re7 Kf6 46.Ra7 Rc6 47.Kf2 h5 48.a3 Rc5 49.Rh7 Re5 50.Rh8 Kg6
51.Kf1 Kf6 52.Rf8+ Ke7 53.Rb8 Kd7 54.Kf2 Kc6 55.Re8 Kc5 56.Rc8+ Kd5 57.Rc7 Rf5+
58.Ke2 e5 59.Rc8 Rf3 60.Rh8  0-1

[Event "Open A"]
[Site "Balatonlelle HUN"]
[Date "2006.06.18"]
[Round "2"]
[White "Ganaus,H"]
[Black "Sax,G"]
[Result "1/2-1/2"]
[WhiteElo "2309"]
[BlackElo "2535"]

1.e4 c5 2.c3 Nf6 3.e5 Nd5 4.d4 cxd4 5.Nf3 Nc6 6.cxd4 d6 7.Bc4 Nb6 8.Bb5 Bd7
9.exd6 e6 10.Bg5 Qb8 11.Nc3 a6 12.Bd3 Bxd6 13.O-O O-O 14.a3 Nd5 15.Bc2 Nxc3
16.bxc3 Qc7 17.Qd3 g6 18.c4 Be7 19.Rfd1 Rac8  1/2-1/2

[Event "Open A"]
[Site "Voronezh RUS"]
[Date "2006.06.19"]
[Round "7"]
[White "Gavrilov,Al1"]
[Black "Yakovich,Yur"]
[Result "0-1"]
[WhiteElo "2461"]
[BlackElo "2570"]

1.e4 c5 2.c3 Nf6 3.e5 Nd5 4.Nf3 Nc6 5.Bc4 Nb6 6.Bb3 c4 7.Bc2 Qc7 8.Qe2 g5
9.h3 Bg7 10.Na3 Nxe5 11.Nxg5 Nd5 12.g3 Nd3+ 13.Kf1 Qc6 14.Kg1 b5 15.Bxd3 cxd3
16.Qxd3 Bb7 17.f3 b4 18.Nb5 Qb6+ 19.Kg2 h6 20.Ne4 f5 21.Nf2 Rg8 22.Re1 Be5
23.Qxf5 Bxg3 24.Nd4 O-O-O 25.Kf1 Rdf8 26.Qc2 Rxf3 27.Re2 Rxf2+ 28.Rxf2 Bxf2
29.Kxf2 e5  0-1

[Event "Open A"]
[Site "Voronezh RUS"]
[Date "2006.06.19"]
[Round "7"]
[White "Vorobiov,E"]
[Black "Khismatullin,D"]
[Result "1/2-1/2"]
[WhiteElo "2540"]
[BlackElo "2584"]

1.e4 c5 2.c3 Nf6 3.e5 Nd5 4.d4 cxd4 5.Nf3 Nc6 6.cxd4 d6 7.Bc4 Nb6 8.Bb5 Bd7
9.exd6 e6 10.Bg5 Qb8 11.Nc3 Bxd6 12.O-O h6 13.Bh4 a6 14.Bd3 Nb4 15.Bb1 Bc6
16.Ne5 N4d5 17.Re1 Bxe5 18.Rxe5 Nc4 19.Re1 Qf4 20.Bg3 Qd2 21.Qxd2 Nxd2 22.Nxd5 Bxd5
23.Bd3 Nc4 24.Bxc4 Bxc4 25.Rec1 Bd5 26.a4 Bc6 27.a5 Rd8 28.Rd1 Rd5 29.f3 Kd7
30.Be1 g5 31.Bc3 h5 32.Rf1 Rg8 33.Rae1 f6 34.Re3 Rf5 35.h3 Bd5 36.Rf2 h4
37.Rd3 Rc8 38.Re3 Rc4 39.Rf1 Ra4 40.Kf2 Rf4 41.Ree1 Raxd4 42.Bxd4 Rxd4 43.Ke3 Rb4
44.Rb1 Kc6 45.Kd2 Kb5 46.b3 Kxa5 47.Kc3 Kb5 48.Rfd1 a5 49.Rb2 f5 50.Ra1 g4
51.fxg4 fxg4 52.Ra4 gxh3 53.gxh3 Rxa4 54.bxa4+ Kxa4 55.Rb6 Ka3 56.Rb5 Ka4
57.Rb6 e5 58.Rh6 b5 59.Kb2 Kb4 60.Rh5 a4  1/2-1/2

[Event "ch-NED"]
[Site "Hilversum NED"]
[Date "2006.06.20"]
[Round "4"]
[White "Tiviakov,S"]
[Black "Bosch,Je"]
[Result "1-0"]
[WhiteElo "2669"]
[BlackElo "2465"]

1.e4 c5 2.c3 Nf6 3.e5 Nd5 4.Nf3 e6 5.d4 cxd4 6.cxd4 d6 7.a3 Bd7 8.Bd3 Bc6
9.O-O Nd7 10.b4 a6 11.Nbd2 dxe5 12.dxe5 Nc3 13.Qc2 Rc8 14.Qxc3 Bxf3 15.Qd4 Bd5
16.Ne4 Be7 17.Re1 O-O 18.Bf4 a5 19.Nd6 Bxd6 20.exd6 axb4 21.axb4 Qb6 22.Qxb6 Nxb6
23.Rac1 f6 24.Rc7 Rcd8 25.Bb5 Na8 26.Rcc1 Nb6 27.Red1 Rf7 28.Be3 Nd7 29.Rc7 Nf8
30.Rxf7 Kxf7 31.Bb6 Rxd6 32.Bc7 Rc6 33.Bxc6 bxc6 34.f4 Ke7 35.Ra1 Nd7 36.Ra7 h6
37.Kf2 g5 38.g3 gxf4 39.gxf4 Be4 40.Ke3 Bd5 41.Bb6 h5 42.Bc5+ Ke8 43.Bd6 Bb3
44.Kd4 Bd5 45.Kd3 Bf3 46.Ke3 Bd5 47.Kf2 Be4 48.Kg3  1-0

[Event "Open A"]
[Site "Voronezh RUS"]
[Date "2006.06.20"]
[Round "8"]
[White "Manelis,V"]
[Black "Rudnev,Y"]
[Result "1-0"]
[WhiteElo "2327"]
[BlackElo "2142"]

1.e4 c5 2.c3 Nf6 3.e5 Nd5 4.d4 cxd4 5.Nf3 Nc6 6.Bc4 e6 7.cxd4 d6 8.Qe2 Be7
9.O-O O-O 10.Nc3 Nxc3 11.bxc3 dxe5 12.dxe5 a6 13.Qe4 Bd7 14.Bd3 g6 15.Bh6 Re8
16.Rad1 Qc7 17.Rfe1 Rad8 18.Qf4 Bc8 19.h4 Rd5 20.c4 Ra5 21.h5 Rd8 22.Qg3 Bf8
23.Bxf8 Rxf8 24.Bb1 Qe7 25.Re4 f5 26.exf6 Rxf6 27.Ne5 Nxe5 28.Rxe5 Rxe5 29.Qxe5 gxh5
30.Qg5+ Kh8 31.Qxh5 Rf8 32.Qe5+ Qg7 33.Qh5 b5 34.Rd4 bxc4 35.Rxc4 Bb7 36.Rg4 Qf7
37.Qe5+ Qf6 38.Qe3 Bd5 39.Bxh7 Rf7 40.Bd3 Rg7 41.Qh3+ Kg8 42.Qh7+ Kf7 43.Rxg7+ Qxg7
44.Qxg7+ Kxg7 45.a3 a5 46.f4 Kf6 47.g4  1-0

[Event "ITT Club Argentino"]
[Site "Buenos Aires ARG"]
[Date "2006.06.21"]
[Round "1"]
[White "Diaz,Rob"]
[Black "Liascovich,L"]
[Result "1/2-1/2"]
[WhiteElo "2307"]
[BlackElo "2399"]

1.e4 c5 2.c3 Nf6 3.e5 Nd5 4.d4 cxd4 5.Nf3 Nc6 6.Bc4 Nb6 7.Bb3 d5 8.exd6 Qxd6
9.O-O Bf5 10.cxd4 e6 11.Nc3 Be7 12.d5 exd5 13.Nxd5 Nxd5 14.Qxd5 Qxd5 15.Bxd5 Nb4
16.Bb3 O-O 17.Bd2 Nd3 18.Bc3 Rad8 19.Bc2 Bg6 20.a3 Bc5 21.Bxd3 Bxd3 22.Rfe1 f6
23.Rad1 Rd7 24.Rd2 Rfd8 25.Red1 Kf7 26.Kh1 Bb5 27.Rxd7+ Rxd7 28.Rxd7+ Bxd7
29.Bd4 b6 30.Bxc5 bxc5 31.Kg1 Bb5 32.Nd2 Ke6 33.f3 Kd5 34.Kf2 Kd4 35.Nb3+ Kc4
36.Nc1 Kd4 37.Nb3+ Kc4 38.Nc1 Kd4 39.Nb3+  1/2-1/2

[Event "20th Open"]
[Site "Pula CRO"]
[Date "2006.06.23"]
[Round "7"]
[White "Mikac,M"]
[Black "Shirjaev,A"]
[Result "1/2-1/2"]
[WhiteElo "2376"]
[BlackElo "2287"]

1.e4 c5 2.c3 Nf6 3.e5 Nd5 4.d4 cxd4 5.cxd4 d6 6.Nf3 Nc6 7.Bc4 Nb6 8.Bb5 dxe5
9.Nxe5 Bd7 10.Nxd7 Qxd7 11.Nc3 Rd8 12.O-O e6 13.Be3 Be7 14.Qf3 O-O 15.Rfd1 Nd5
16.Rac1 Rc8 17.Nxd5 exd5 18.Ba4 a6  1/2-1/2

[Event "Suduroy International"]
[Site "Vagur AUT"]
[Date "2006.06.24"]
[Round "1"]
[White "Simonsen,H"]
[Black "Thorsteinsson,S"]
[Result "1-0"]
[WhiteElo "2295"]
[BlackElo "2067"]

1.e4 c5 2.c3 Nf6 3.e5 Nd5 4.d4 cxd4 5.Nf3 Nc6 6.cxd4 d6 7.Bc4 Nb6 8.Bb5 d5
9.O-O Bg4 10.h3 Bxf3 11.Qxf3 e6 12.Qg3 h6 13.Nc3 g6 14.Be3 Be7 15.Rac1 Rc8
16.Ne2 h5 17.Nf4 Bh4 18.Qf3 Be7 19.Rc2 a6 20.Bxc6+ Rxc6 21.Rxc6 bxc6 22.Rc1 Qc8
23.Qe2 Qb7 24.b3 Nc8 25.Qc2 Na7 26.Nd3 Kd7 27.Qe2 Nc8 28.Qf3 Ke8 29.g3 Qb5
30.Nc5 Bxc5 31.Rxc5 Qb6 32.Qf6 Rg8 33.Bg5 Kf8 34.Kg2 Qc7 35.Qf4 Nb6 36.Qc1 Na8
37.Rxc6 Qb7 38.Rc8+ Kg7 39.Bf6+ Kh7 40.Rxg8 Kxg8 41.Qh6  1-0

[Event "ch-NED"]
[Site "Hilversum NED"]
[Date "2006.06.25"]
[Round "8"]
[White "Tiviakov,S"]
[Black "Smeets,J"]
[Result "0-1"]
[WhiteElo "2669"]
[BlackElo "2535"]

1.e4 c5 2.c3 Nf6 3.e5 Nd5 4.Nf3 Nc6 5.g3 d6 6.exd6 Qxd6 7.Bg2 Qe6+ 8.Qe2 Qxe2+
9.Kxe2 b6 10.Rd1 Ba6+ 11.d3 Rd8 12.Be3 g6 13.Ne1 e6 14.Nd2 Bg7 15.Nc4 O-O
16.Bd2 Rd7 17.a4 Nde7 18.b3 Rfd8 19.Rac1 e5 20.Bg5 f6 21.Bd2 f5 22.Bg5 Re8
23.Bxe7 Nxe7 24.Ne3 e4 25.c4 Nc6 26.dxe4 Nd4+ 27.Kf1 fxe4 28.N1c2 Rf7 29.Nxd4 cxd4
30.Nd5 d3 31.Ke1 Bb7 32.Bh3 Bf8 33.Nf4 g5 34.Ne6 Bb4+ 35.Kf1 g4 36.Bxg4 Bc8
37.Bh5 Bxe6 38.Bxf7+ Kxf7 39.f3 Bh3+  0-1

[Event "Zudov Memorial"]
[Site "Nizhnij Tagil RUS"]
[Date "2006.06.26"]
[Round "7"]
[White "Pilavov,G"]
[Black "Isajevsky,A"]
[Result "1/2-1/2"]
[WhiteElo "2550"]
[BlackElo "2441"]

1.e4 c5 2.c3 Nf6 3.e5 Nd5 4.Nf3 Nc6 5.Na3 g6 6.Qb3 Nb6 7.d4 cxd4 8.cxd4 Bg7
9.Bf4 d6 10.Rd1 O-O 11.exd6 exd6 12.d5 Ne5 13.Nxe5 Bxe5 14.Be3 Bg4 15.Be2 Bxe2
16.Kxe2 Qh4 17.f3 Rfe8 18.g3 Qf6 19.Nb5 Re7 20.Kf2 Rae8 21.Rhe1 Qf5 22.Kg2 a6
23.Bxb6 axb5 24.Bf2 Qd7 25.Re2  1/2-1/2

[Event "White Nights Open"]
[Site "St Petersburg RUS"]
[Date "2006.06.27"]
[Round "5"]
[White "Silivanov,S"]
[Black "Barhudarian,R"]
[Result "0-1"]
[WhiteElo "2355"]
[BlackElo "2216"]

1.e4 c5 2.c3 Nf6 3.e5 Nd5 4.Nf3 d6 5.Bc4 e6 6.O-O dxe5 7.Nxe5 Bd6 8.d4 O-O
9.Re1 Qc7 10.Na3 a6 11.Bd3 cxd4 12.cxd4 Nc6 13.Nac4 Bb4 14.Re4 f5 15.Rh4 Be7
16.Rh3 Ncb4 17.Bb1 b5 18.Ne3 Nf4 19.a3 Nxh3+ 20.gxh3 Nc6 21.Qc2 Bb7 22.Ba2 Rf6
23.Nxf5 Bd6 24.Ng4 Rxf5 25.Qxf5 Nxd4 26.Qd3 Qc6 27.f3 Nxf3+ 28.Kf2 Rf8 29.Ke2 Ng1+
30.Kd1 Qg2 31.Ne3 Bf3+ 32.Ke1 Qxh2 33.Nf1 Bg3+ 34.Nxg3 Qxg3+ 35.Kd2 Qf2+
36.Kc3 Rc8+ 37.Kb4 a5+ 38.Kxa5 Qa7+ 39.Kb4 Qa4+  0-1

[Event "ch-NED"]
[Site "Hilversum NED"]
[Date "2006.06.28"]
[Round "10"]
[White "Tiviakov,S"]
[Black "Timman,J"]
[Result "1-0"]
[WhiteElo "2669"]
[BlackElo "2616"]

1.e4 c5 2.c3 Nf6 3.e5 Nd5 4.Nf3 Nc6 5.Bc4 Nb6 6.Bb3 c4 7.Bc2 Qc7 8.Qe2 g5
9.h3 Bg7 10.O-O Nxe5 11.Nxg5 d5 12.a4 h6 13.Nf3 Nbd7 14.Re1 Bf6 15.d4 cxd3
16.Bxd3 Nxd3 17.Qxd3 Nc5 18.Qxd5 Be6 19.Qh5 Rd8 20.Nd4 Bxd4 21.cxd4 Nb3 22.Nc3 Nxa1
23.Rxe6 Nb3 24.Be3 Nxd4 25.Re4 Nc6 26.b4 Rd3 27.Nd5 Qd6 28.Nf4 Rxe3 29.fxe3 Nd8
30.Nd5 e6 31.Nf6+ Kf8 32.Rd4 Qc7 33.Rd7 Qc1+ 34.Kh2 Kg7 35.Qe5  1-0